00844nam a2200193 a 450000100100000000500170001000800410002702000180006804000250008624501820011126000730029330000290036649000340039570000310042970000270046083000410048795201050052899900170063300003390020200930070617.0110914s2007 ag 000 0 spa d a9789879350447 aDO-SdBNPbspacBNPHU00aMás libros para más :bcolecciones del Centro Editor de América Latina /crecopilación, Fabiola Etchemaite ; testimonios e investigación periodística, Judith Gociol. aBuenos Aires, Argentina :bCiudad Autónoma de Buenos Aires,c2007. a687 p. :bil., ;c29 cm.1 aÍndice y bibliografíasv21 aEtchemaite, Fabiola9593401 aGociol, Judith.959341 0aÍndice y bibliografíasv2959342 001050718MOaGRbGRcCTd2011-09-14iLF1l0o p33900-10r2020-06-25w2020-06-25y1ZNo se presta c33391d33391